Európska integrácia a vzdelávanie

Význam vzdelávania v EÚ. Vzdelávacia politika Európskej únie. Harmonizovanie vzdelávacej politiky Slovenska so vzdelávacou politikou EÚ. Dôležité dokumenty. Učiaca sa spoločnosť, celoživotné vzdelávanie. Štatistické informácie o nezamestnanosti za rok 2000 podľa dosiahnutého vzdelania.

Gespeichert in:
Bibliographische Detailangaben
1. Verfasser: Gabrišová, Katarína
Format: Buchkapitel
Sprache:Slowakisch
Schlagworte:
Tags: Tag hinzufügen
Keine Tags, Fügen Sie das erste Tag hinzu!

MARC

LEADER 00000naa$a2200000$$$4500
001 0021862
005 20221207121934.0
041 0 |a slo 
044 |a SK 
245 1 0 |a Európska integrácia a vzdelávanie  |c Katarína Gabrišová 
520 |a Význam vzdelávania v EÚ. Vzdelávacia politika Európskej únie. Harmonizovanie vzdelávacej politiky Slovenska so vzdelávacou politikou EÚ. Dôležité dokumenty. Učiaca sa spoločnosť, celoživotné vzdelávanie. Štatistické informácie o nezamestnanosti za rok 2000 podľa dosiahnutého vzdelania. 
610 2 0 |a vzdelávanie 
610 2 0 |a vzdelávanie celoživotné 
610 2 0 |a vzdelávanie vysokoškolské 
610 2 0 |a Európska únia 
610 2 0 |a integrácia 
610 2 0 |a Slovensko 
100 1 |a Gabrišová, Katarína